01109 a2200169 4500003000500000005001700005020001500022040000900037082001700046100002100063245004300084260004200127300003700169505069500206600002100901650001700922Nust20230206105648.0 a0195774620 cNust a954.9042,WOL aWolpert, Stanley aJinnah of Pakistan /cStanley Wolpert, aOxford University PressbLahorec1998 axii, 421 pbillusc19 cmedigars aKarachi (Page-3), Bombay (1896-1910) (Page-16), Calcutta (1910-15) (Page-32), Lucknow to Bombay (1916-18) (Page-42), Amritsar to Nagpur (1919-21) (Page-61), Retreat to Bombay (1921-24) (Page-73), New Delhi (1924-28) (Page-80), Calcutta (1928) (Page-92), London (1930-33) (Page-119), Toward Lahore (1938-40) (Page-155), Lahore to Delhi (1940-43) (Page-184), Karachi and Bombay Revisited (1943-44) (Page-221), Simla (1944-45) (Page-237), Quetta and Peshawar (1945-46), (Page-247), Simla Revisted (1946) (Page-261), Bombay to Londo,n (1946) (Page-280), London Final Farewell (1946) (Page-297), New Delhi (1947) (Page-306), Karachi Pakistan Zindabad (1947) (Page-332) Ziarat (1948) (Page-355).  aWolpert, Stanley aQuaid-i-Azam